000 01333cam a2200313 i 4500
999 _c2229
_d2229
001 (Sirsi) a914916
003 OSt
005 20230403114711.0
008 151230s2015 enka c 000 f eng d
020 _a9780440870982
_q(paperback) :
040 _aNLE
_beng
_cNLE
_dYDXCP
_dAUMCS
_dTAE
_erda
_eKH8
042 _anbic
082 0 _a823.914 WIL
100 1 _aWilson, Jacqueline,
_eauthor.
245 1 0 _aHappy holidays /
_cJacqueline Wilson ; illustrated by Nick Sharratt.
260 _c2015.
264 1 _aLondon :
_bCorgi,
_c2015.
300 _a248 pages :
_billustrations ;
_c20 cm.
336 _atext
_btxt
_2rdacontent.
336 _astill image
_bsti
_2rdacontent.
337 _aunmediated
_bn
_2rdamedia.
338 _avolume
_bnc
_2rdacarrier.
520 _aHow will you spend your holiday? Will you be swimming in the sea? Eating lots of ice cream? Or relaxing in the garden with a brilliant book? Jacqueline Wilson's Happy Holidays is packed with fantastic summery puzzles, activities, facts and stories, including Buried Alive! plus a brand-new tale from Jacqueline. Join Tracy, Hetty and all your other favourite characters on the best holiday ever!
521 1 _aAges 9-12.
650 0 _aHolidays
_vJuvenile fiction.
655 0 _aChildren's stories.
700 1 _aSharratt, Nick,
_eillustrator.
942 _2ddc
_cNFIC